01014nam a2200217 a 4500003000900000005001700009007000300026008004100029020001800070040002500088082001300113245022200126260003700348300004300385500006700428500011300495500005800608650006200666650003300728700003500761DO-SdBNP20220708091617.0ta220614e20122010dr adh|fr|||| 00| 0dspa d a9781470158095 aDO-SdBNPbspacBNPHU 4222bE74t10aTribunales especiales de Seguridad Social:bimportancia de la creación de Tribunales Especiales de Seguridad Social en la República Dominicana. /cAnneline Elizabeth Escoto Salcedo; Óleo de Clelia Genao Almonte. a[Santo Domingo] :b[s.n.],c2012 a107 p :bil., gráf., facs. ;c23 cm. aIncluye datos biográficos de la autora en la contracubierta. aIlustración de portada "Reflejo de una Población Vulnerable", Óleo de la Pintora Clelia Genao Almonte. aIncluye bibliografía y notas al pié de páginas. 4aSeguridad SocialxInvestigacioneszRepública Dominicana 4aSistemas de Seguridad Social1 aGenao Almonte, Clelia eóleo